[Event "Wch U08 rapid"]
[Site "Minsk"]
[Date "2018.06.22"]
[Round "4"]
[White "Zverev, Lev"]
[Black "Krasnoperov, Platon"]
[Result "1-0"]
[WhiteElo "1658"]
[BlackElo "1363"]
[PlyCount "105"]
[EventDate "2018.06.22"]
[EventType "swiss (rapid)"]
[EventRounds "9"]
[EventCountry "BLR"]
[SourceTitle "EXT 2019"]
[Source "ChessBase"]
[SourceDate "2018.10.10"]
[SourceVersion "1"]
[SourceVersionDate "2018.10.10"]
[SourceQuality "1"]

1. e4 e6 2. d4 d5 3. Nc3 Nf6 4. Bg5 Bb4 5. e5 h6 6. exf6 hxg5 7. fxg7 Rg8 8. Qh5 Qf6 9. Nf3 Qxg7 10. Ne5 Nd7 11. 0-0-0 Nxe5 12. dxe5 Bxc3 13. bxc3 Qxe5 14. Qf3 Bd7 15. Qd3 0-0-0 16. Be2 Qf4+ 17. Qe3 Qxe3+ 18. fxe3 f5 19. g4 c6 20. h3 Rdf8 21. Rdf1 Rf6 22. Rf2 Rgf8 23. Rhf1 Kd8 24. Kd2 Ke7 25. Ke1 e5 26. Bd1 fxg4 27. Rxf6 Rxf6 28. Rxf6 Kxf6 29. hxg4 Ke7 30. Kd2 Kd6 31. Bf3 Kc5 32. Be2 e4 33. Kc1 Kb6 34. Kb2 Ka5 35. Kb3 Be6 36. c4 b6 37. Kb2 Kb4 38. c3+ Ka4 39. Bd1+ Ka5 40. Ka3 dxc4 41. Kb2 b5 42. a3 c5 43. Be2 Kb6 44. Bd1 a5 45. Be2 b4 46. Bd1 Kb5 47. Be2 bxc3+ 48. Kxc3 Ka4 49. Kb2 c3+ 50. Kxc3 Kxa3 51. Bd1 Bd5 52. Bc2 a4 53. Bb1 1-0